Housing (Record no. 115691)
[ view plain ]
| 000 -LEADER | |
|---|---|
| fixed length control field | 01633cam a22002775a 4500 |
| 001 - CONTROL NUMBER | |
| control field | L159131 |
| 008 - FIXED-LENGTH DATA ELEMENTS--GENERAL INFORMATION | |
| fixed length control field | 160204s2015 xxk f 000 0 eng d |
| 020 ## - INTERNATIONAL STANDARD BOOK NUMBER | |
| International Standard Book Number | 9781904839828 |
| 035 ## - SYSTEM CONTROL NUMBER | |
| System control number | (Sirsi) u159131 |
| 041 ## - LANGUAGE CODE | |
| Language code of text/sound track or separate title | eng |
| 050 ## - LIBRARY OF CONGRESS CALL NUMBER | |
| Classification number | 690.0285 |
| 110 ## - MAIN ENTRY--CORPORATE NAME | |
| Corporate name or jurisdiction name as entry element | University of Birmingham |
| Subordinate unit | Digital Construction Research Centre |
| 9 (RLIN) | 6177 |
| 245 ## - TITLE STATEMENT | |
| Title | Housing |
| Remainder of title | The digital revolution $[ electronic resource] |
| 260 ## - PUBLICATION, DISTRIBUTION, ETC. | |
| Place of publication, distribution, etc. | Birmingham |
| Name of publisher, distributor, etc. | University of Birmingham |
| Date of publication, distribution, etc. | 2015 |
| 300 ## - PHYSICAL DESCRIPTION | |
| Extent | 20p. |
| 520 ## - SUMMARY, ETC. | |
| Summary, etc. | Identifies the opportunities that digital construction can offer to improve the process of building and living in new homes. Report reveals that using digital methods would make it easier for supply chain partners to react to changes and issues raised by planning authorities, surrounding residents, customers and site staff. The integration provided by digital approaches in the construction process could save organisations hundreds of man hours and dramatically slash wasted materials and expenditure lost using traditional building methods. The research also showed that technology connected to sensors could see future houses equipped with a ?digital nerve centre? linked to a house dashboard or smartphone app. |
| 650 ## - SUBJECT ADDED ENTRY--TOPICAL TERM | |
| Topical term or geographic name entry element | COLLABORATIVE BIM |
| 650 ## - SUBJECT ADDED ENTRY--TOPICAL TERM | |
| Topical term or geographic name entry element | DIGITAL BUILDING |
| 650 ## - SUBJECT ADDED ENTRY--TOPICAL TERM | |
| Topical term or geographic name entry element | BIM |
| 9 (RLIN) | 6219 |
| 650 ## - SUBJECT ADDED ENTRY--TOPICAL TERM | |
| Topical term or geographic name entry element | SUPPLY CHAIN PARTNERING |
| 651 #4 - SUBJECT ADDED ENTRY--GEOGRAPHIC NAME | |
| Geographic name | United Kingdom |
| 690 ## - LOCAL SUBJECT ADDED ENTRY--TOPICAL TERM (OCLC, RLIN) | |
| Topical term or geographic name as entry element | MANAGEMENT-BUSINESS MANAGEMENT-INFORMATION MANAGEMENT |
| 710 1# - ADDED ENTRY--CORPORATE NAME | |
| Corporate name or jurisdiction name as entry element | Building Alliance |
| 856 40 - ELECTRONIC LOCATION AND ACCESS | |
| Uniform Resource Identifier | <a href="https://www.wienerberger.co.uk/housing-the-digital-revolution.html">https://www.wienerberger.co.uk/housing-the-digital-revolution.html</a> |
| Public note | View this item free of charge at www.wienerberger.co.uk |
| 942 ## - ADDED ENTRY ELEMENTS (KOHA) | |
| Suppress in OPAC | 0 |
| Withdrawn status | Lost status | Source of classification or shelving scheme | Damaged status | Not for loan | Home library | Current library | Shelving location | Date acquired | Total Checkouts | Full call number | Barcode | Date last seen | Copy number | Price effective from | Koha item type |
|---|---|---|---|---|---|---|---|---|---|---|---|---|---|---|---|
| Dewey Decimal Classification | Virtual | Virtual | Online | 04/02/2016 | ONLINE PUBLICATION | 159131-2001 | 06/08/2019 | 1 | 06/08/2019 | Book |